000 01882nam0a22003731 4500
001 v19\rc\1874125
005 20251118180250.5
035 _a(NLR Aleph) 004964758
090 _a6021694
_c6021694
100 _a20251123 rusy50
101 0 _arus
102 _aRU
105 _aa z |||||
200 1 _aI. Об ископаемых изидинах
_aII. Остатки проблематического cephalites maximus eichw
_fН.И. Каракаш
210 _aСанкт-Петербург
_cтип. М. Меркушева
_d1910
215 _a[2], 145-155 с., 1 л. ил.
_d24
300 _aТит. л. и обл. на рус. и фр. яз.; рез. на фр. яз.
311 _aОтт. из "Тр. С.-Петерб. о-ва естествоиспытателей. Отд. геологии и минералогии". Т. 35, в. 5
316 _aЭкз. РНБ (18.337.1.73): 2-й экз. с автогр. авт.
_5NLR: 18.337.1.73
320 _aБиблиогр.: с. 148 и в примеч.
488 0 _12001#$aТруды Санкт-Петербургского общества естествоиспытателей$eОтд. геологии и минералогии$vТ. 35, вып. 5
_tТруды Санкт-Петербургского общества естествоиспытателей
517 0 _aОб ископаемых изидинах
517 0 _aОстатки проблематического cephalites maximus eichw
700 1 _4070
_7ca
_8rus
_aКаракаш
_bН. И.
_f1862-1916
_gНиколай Иванович
_92642991
_3RU\NLR\AUTH\770273191
801 0 _aRU
_bNLR
_gpsbo
801 0 _aRU
_bRuMoRGB
_2psbo
801 1 _aRU
_bProSoft-M
_2rusmarc
852 _aNLR
_j18.337.1.73
899 _aRuMoRGB
_jF 115/252
899 _aБАН
899 _aНБ СПбГУ
942 _cBOOK
980 _aNB